[Event "IECG QN.2002.0.00214"]
[Site "IECG email"]
[Date "2002.03.08"]
[Round "?"]
[White "Garcia Alonso, Juan Luis"]
[Black "Kennard, John"]
[Result "1/2-1/2"]
[WhiteElo "800"]
[BlackElo "800"]
[PlyCount "47"]
[EventDate "2002.03.08"]
[EventType "tourn (corr)"]
[EventRounds "6"]
[SourceTitle "Corr 2008"]
[Source "ChessBase"]
[SourceDate "2008.06.24"]
[SourceVersion "1"]
[SourceVersionDate "2008.06.24"]
[SourceQuality "1"]

1. e4 e5 2. Nf3 Nc6 3. d4 exd4 4. Nxd4 Nf6 5. Nxc6 bxc6 6. e5 Ne4 7. Bd3 Bb4+ 8. c3 Bc5 9. Bxe4 Qh4 10. Qe2 Bxf2+ 11. Qxf2 Qxe4+ 12. Qe3 Qxg2 13. Rg1 Qxh2 14. Rxg7 Ba6 15. Nd2 0-0-0 16. Nf3 Qh3 17. Rg1 Rhg8 18. Qf2 Rde8 19. Be3 Rxg1+ 20. Nxg1 Qh5 21. Bf4 Rg8 22. Bh2 Rg5 23. Nf3 Rf5 24. Qxa7 1/2-1/2

[Event "IECG QN.2002.0.00214"]
[Site "IECG email"]
[Date "2002.03.08"]
[Round "?"]
[White "Kennard, John"]
[Black "Garcia Alonso, Juan Luis"]
[Result "1/2-1/2"]
[WhiteElo "800"]
[BlackElo "800"]
[PlyCount "46"]
[EventDate "2002.03.08"]
[EventType "tourn (corr)"]
[EventRounds "6"]
[SourceTitle "Corr 2008"]
[Source "ChessBase"]
[SourceDate "2008.06.24"]
[SourceVersion "1"]
[SourceVersionDate "2008.06.24"]
[SourceQuality "1"]

1. f4 d5 2. Nf3 Nc6 3. e3 Nf6 4. Bb5 Bf5 5. c4 e6 6. Ne5 dxc4 7. Nc3 Nd7 8. Nxc6 bxc6 9. Bxc6 Rb8 10. e4 Bg6 11. h4 h5 12. Qa4 Bd6 13. g3 Rb4 14. Qxa7 0-0 15. e5 Bc5 16. Qa5 Be7 17. Bf3 Nc5 18. 0-0 Nd3 19. Nd1 Bc5+ 20. Kh1 Bb6 21. Qa3 f6 22. exf6 Qxf6 23. Ne3 Rd8 1/2-1/2